| 000 | 00493nam a2200181Ia 4500 | ||
|---|---|---|---|
| 008 | 240925s9999 xx 000 0 und d | ||
| 020 | _a8120315022 | ||
| 082 | _a511 MOT | ||
| 100 | _aMott, Joe L. | ||
| 245 | 0 | _aDiscrete Mathematics for Computer Scientists & Mathematicians | |
| 250 | _a2nd | ||
| 260 |
_aNew Delhi: _bPHI Learning _c,1986. |
||
| 300 |
_a718p. _b0 _fOriginal |
||
| 500 | _aIncludes Index | ||
| 600 | _aHumanities & Natural Science | ||
| 650 | _aMathematics | ||
| 942 | _cBK | ||
| 999 |
_c15211 _d15211 |
||